Mundo y existencia: consideraciones fenomenológicas desde la perspectiva de Heidegger y Welte
Uloženo v:
| Hlavní autor: | |
|---|---|
| Médium: | Kniha |
| Jazyk: | španělština |
| Vydáno: |
Santiago
Bricklediciones
2006
|
| Edice: | Colección Investigación Científicas
|
| Témata: | |
| Tagy: |
Přidat tag
Žádné tagy, Buďte první, kdo vytvoří štítek k tomuto záznamu!
|
MARC
| LEADER | 00000cam a2200000 a 4500 | ||
|---|---|---|---|
| 001 | UCJ2607 | ||
| 003 | CL-VaPUC | ||
| 008 | 070104e20060000CL |||||||||||||||||spa|d | ||
| 020 | |a 9568588019 | ||
| 082 | 0 | 4 | |a 107 |b LAM |2 21 |
| 100 | |a Lambert Ortiz, César A. |e autor |9 621411 | ||
| 245 | 1 | 0 | |a Mundo y existencia: consideraciones fenomenológicas desde la perspectiva de Heidegger y Welte |
| 300 | |a 188 p | ||
| 942 | |c BK | ||
| 945 | |d 20070104 00:00:00 |a jtorresc | ||
| 260 | |a Santiago |b Bricklediciones |c 2006 | ||
| 600 | 0 | |a Heidegger, Martin, |d 1889-1976 |9 863140 | |
| 650 | 0 | |a Ciencias sociales |v Investigación |9 307767 | |
| 650 | 0 | |a Filosofía |9 223554 | |
| 583 | |a last modification |c 20150622 04:50:34 |k Rodrigo Vera | ||
| 490 | 0 | |a Colección Investigación Científicas | |
| 999 | |c 318801 |d 318799 | ||
| 952 | |0 0 |1 0 |4 0 |6 107_000000000000000_LAM_2006 |7 0 |8 A |9 396934 |a BIBARQ |b BIBARQ |d 2019-11-22 |i 4306112 |o 107 LAM 2006 |p 4306112 |r 2025-01-20 |w 2019-11-22 |y BK |k ARQ | ||
| 952 | |0 0 |1 0 |2 ddc |4 0 |6 107_000000000000000_LAM_2006 |7 0 |8 A |9 396935 |a BIBTEO |b BIBTEO |d 2019-11-22 |i 4306708 |l 2 |m 1 |o 107 LAM 2006 |p 4306708 |r 2025-01-17 |s 2023-03-07 |w 2019-11-22 |y BK |k ICR | ||
| 952 | |0 0 |1 2 |4 0 |6 107_000000000000000_LAM_2006 |7 0 |8 A |9 396936 |a BIBTEO |b BIBTEO |d 2019-11-22 |i 4389972 |o 107 LAM 2006 |p 4389972 |r 2019-11-22 |w 2019-11-22 |y BK |k ICR | ||
| 952 | |0 0 |1 0 |3 erb |4 0 |6 107_000000000000000_LAM_2006 |7 0 |8 A |9 396937 |a BIBTEO |b BIBTEO |e Casale Rolle, Carlos Ignacio, -2014 |i 5181828 |o 107 LAM 2006 |p 5181828 |r 2025-01-17 |w 2019-11-22 |y BK |z Catalogado en:20150605 |k ICR | ||